000
00341nam a2200145Ia 4500
999
_c
14129
_d
14129
003
OSt
005
20260326170805.0
008
260210s9999 xx 000 0 und d
020
_a
9788957701140
082
_a
646.43
100
_a
Archiworld
245
0
_a
Interior Detail 06 : Spa Accomodation
260
_b
Archiworld
942
_c
BDES
_2
ddc